| 000 | 02129nam0a2200385 4500 | ||
|---|---|---|---|
| 001 | RU\NLR\bibl\1347003 | ||
| 005 | 20260405190608.0 | ||
| 010 |
_a978-5-91133-049-1 _9100 |
||
| 021 |
_aRU _b2009-4318 _9243 |
||
| 035 | _a(nilc)RSL-KNO-004240606 | ||
| 035 | _a(NLR Aleph) 001332123 | ||
| 090 |
_a807058 _c807058 |
||
| 100 | _a20090225d2008 |||y0rusy50 ca | ||
| 101 | 0 | _arus | |
| 102 | _aRU | ||
| 105 | _aa ||||||||| | ||
| 200 | 1 |
_aОбнаружение основных каннабиноидов конопли в целях установления факта ее культивирования в домашних условиях _fГрадусова О.Б., Воронков Ю.М., Никифоров В.Л., Казимиров В.И. _gМ-во юстиции Российской Федерации, Гос. учреждение Российский федеральный центр судебной экспертизы при М-ве юстиции Российской Федерации |
|
| 210 |
_aМосква _cРФЦСЭ _d2008 |
||
| 215 |
_a12 с. _cил. _d21 |
||
| 320 | _aБиблиогр.: с. 12 (6 назв.) | ||
| 606 | 1 |
_aНаркотические средства _xКриминалистическая экспертиза _yРоссийская Федерация _92127942 _3RU\NLR\auth\661284180 |
|
| 610 | 0 | _aГосударство и право. Юридические науки -- Уголовный процесс -- Российская Федерация -- Доказательства -- Судебно-биологическая экспертиза | |
| 610 | 0 | _aконопля | |
| 686 |
_aХ629.341.315,0 _2rubbk |
||
| 686 | _aХ629.41 | ||
| 701 | 1 |
_aГрадусова _bО. Б. _4070 |
|
| 701 | 1 |
_aВоронков _bЮ. М. _gЮрий Михайлович _4070 |
|
| 701 | 1 |
_4070 _8rus _7ca _aНикифоров _bВ. Л. _cюрист _3RU\NLR\AUTH\7782724 _965652 |
|
| 701 | 1 |
_aКазимиров _bВ. И. _4070 |
|
| 801 | 0 |
_aRU _bРКП _c20090225 _grcr |
|
| 801 | 1 |
_aRU _bРГБ _c20090225 |
|
| 801 | 2 |
_aRU _bNLR _c20090326 _grcr |
|
| 942 | _cBOOK | ||
| 980 | _aNB | ||